| 000 | 01122nam a22003017i 4500 | ||
|---|---|---|---|
| 999 |
_c23069 _d23069 |
||
| 003 | AR-CdUCM | ||
| 008 | 240920b20172017 pe||||| |||| 00| 0 spa d | ||
| 020 | _a978-612-47604-1-9 | ||
| 040 |
_aMUNICIPALIDAD PROVINCIAL DEL CUSCO _cBIBLIOTECA MUNICIPAL DEL CUSCO |
||
| 041 | _hspa | ||
| 082 |
_a597.8 / V66 _bV66 |
||
| 100 |
_aVillacampa, Jaime _950569 |
||
| 245 | _aAmphibians of the Manu Learning Centre and other areas in the Manu Región / | ||
| 260 |
_aCusco : _bCrees Manu SAC. _c2017 |
||
| 300 |
_a282 páginas. : _c21 cm. |
||
| 500 | _zBibliografía: páginas 272-279 | ||
| 505 | _aAllobates femoralis -- Rhinella marina -- Oreobates gemcare -- Pristimantis carvalhoi -- Ameerega macero -- Gastrotheca nebulanastes -- Dendropsophus marmoratus -- Hypsiboas cinerascens | ||
| 650 |
_aAmphibians _950570 |
||
| 650 |
_aHábitat _94961 |
||
| 650 |
_aEcología _94960 |
||
| 650 |
_aBufonidae _950571 |
||
| 650 |
_aCeratophryidae _950572 |
||
| 650 |
_aPristimantis sp2 _950573 |
||
| 700 |
_aSerrano, Jennifer _950574 |
||
| 700 |
_aWhitworth, Andrew _950575 |
||
| 942 |
_2ddc _cFOLLETOS |
||
| 945 |
_apbj _d2024-09-20 |
||